| 000 | 00678cam a2200265 4500 | ||
|---|---|---|---|
| 001 | M2219 | ||
| 008 | 090401t1996 xxu||||| |||| 00| 0 eng d | ||
| 035 | _a(Sirsi) u37297 | ||
| 041 | _aeng | ||
| 050 | _a336.2002463 | ||
| 100 | _aCastle, Brian | ||
| 245 | _aCurrent year assessing. | ||
| 260 |
_aLondon _bCountry Landowners Association _c1996 |
||
| 300 | _a56p. ; 21cm. | ||
| 350 | _a25 | ||
| 490 |
_aCLA Advisory Handbook _vT12/96 |
||
| 650 | _aCURRENT YEAR ASSESSMENT | ||
| 650 | _aINCOME TAX | ||
| 650 | _aSELF ASSESSMENT | ||
| 650 | _aTAXATION | ||
| 690 | _aTAXATION | ||
| 710 |
_aCountry Landowners' Association _92816 |
||
| 942 | _n0 | ||
| 948 | _c04/03/1997 | ||
| 999 |
_c90464 _d90464 |
||